Catálogo público

Normal view MARC view

Entry Nombre personal

Number of records used in: 2

001 - NÚMERO DE CONTROL

  • campo de control: 152666

003 - IDENTIFICADOR DEL NÚMERO DE CONTROL

  • campo de control: OSt

005 - FECHA Y HORA DE LA ÚLTIMA TRANSACCIÓN

  • campo de control: 20221226152220.0

008 - DATOS DE LONGITUD FIJA

  • campo de control de longitud fija: 220127|| aca||aabn | a|a d

040 ## - FUENTE DE LA CATALOGACIÓN

  • Centro catalogador/agencia de origen: mxchpua
  • Centro/agencia transcriptor: CHAP

100 1# - ENCABEZAMIENTO-NOMBRE DE PERSONA

  • Nombre de persona: Alvarado Gutiérrez, Iván

374 ## - OCUPACIÓN

  • Ocupación: Alumno del DIA

670 ## - FUENTE DE DATOS ENCONTRADOS

  • Cita de la fuente: Work cat.: (OSt)172877: Mejenes Quijano, Amilcar Renan 74230, Sistema agroindustrial bovinos de doble propósito en el sureste de México /, 2001